Where in the World is Justin Bieber? Quiz Stats

Quiz not verified by Sporcle

Challenge
Share
Tweet
Score 0/12 Timer 02:00
0 Plays Today
number city % Correct
2Paris
93.3%
1Rome
73.1%
7New York City
64.9%
8London
55%
6Sydney
45.3%
5Tokyo
38%
3Chicago
30.1%
9Miami Beach
24.9%
4Rio de Janeiro
18.1%
10Moscow
15.2%
11Toronto
14%
12Pamplona
6.1%

You're not logged in!

Compare scores with friends on all Sporcle quizzes.
Sign Up with Email
OR
Log In

You Might Also Like...

Show Comments

Extras

Top Quizzes Today


Score Distribution

Your Account Isn't Verified!

In order to create a playlist on Sporcle, you need to verify the email address you used during registration. Go to your Sporcle Settings to finish the process.